[Event "POL-chT3 Kujawsko-Pomorskie 2223"]
[Site "Poland"]
[Date "2022.??.??"]
[Round "3.38"]
[White "Bialkowski, Jozef"]
[Black "Makarewicz, Jakub"]
[Result "1-0"]
[WhiteElo "1601"]
[BlackElo "1341"]
[PlyCount "41"]
[EventDate "2022.11.13"]
[EventType "team-swiss"]
[EventRounds "7"]
[EventCountry "POL"]
[SourceTitle "EXT 2024"]
[Source "ChessBase"]
[SourceDate "2023.10.10"]
[SourceVersion "1"]
[SourceVersionDate "2023.10.10"]
[SourceQuality "1"]

1. d4 e6 2. c4 f5 3. Nf3 Nf6 4. Nc3 d5 5. Bg5 c6 6. e3 Bd6 7. cxd5 cxd5 8. Bb5+ Bd7 9. Qb3 0-0 10. Ne5 Nc6 11. f4 h6 12. Bxf6 Rxf6 13. 0-0 a6 14. Be2 b5 15. Bh5 Na5 16. Qd1 Nc4 17. Qe2 Be8 18. Bf3 Rb8 19. b3 Bb4 20. Nd1 Nd2 21. Rf2 1-0